00344 2200145 4500001002100000005001500021035002000036245003400056100001800090300001200108260004400120082000800164084001400172990001200186INLIS00000000000163820250429075037 a0010-04250000541 aKunci Ibadah /cZainal Abidin0 aZainal Abidin a128 hlm aSemarang :bPT. Karya Toha Putra,c2001 a200 a200 ZAI k a0754698